| 000 | 00587nam a2200217Ia 4500 | ||
|---|---|---|---|
| 003 | GCL | ||
| 008 | 140319s9999 xx 000 0 eng d | ||
| 020 | _a157990248 | ||
| 040 |
_aGCL / _cGCL |
||
| 082 | 0 | 4 |
_a736.4 _bH W |
| 100 | 1 | _aHILLYER, JOHN | |
| 245 | 1 | 0 |
_aWOOD CARVING : _b20 GREAT PROJECTS FOR BEGINNERS & WEEKEND CARVERS / _cHILLYER, JOHN |
| 260 |
_aنيويورك : _bLARK BOOKS ، _c2002 |
||
| 300 |
_a32 CM ؛ _c80 P |
||
| 490 |
_aTHE WEEKEND CRAFTER _v0 |
||
| 650 | 0 | 4 | _aHANDICRAFTS |
| 650 | 0 | 4 | _aWOOD |
| 650 | 0 | 4 | _aWOOD CRAFT |
| 650 | 0 | 4 | _aWOOD WORK |
| 942 |
_2ddc _cBK |
||
| 999 |
_c6561 _d6561 |
||